Nuevos medios de comunicación y subjetividad. El Papel del uso del chat en las relaciones interprersonales de un grupo de adolescentes /
Uloženo v:
| Hlavní autor: | |
|---|---|
| Další autoři: | |
| Médium: | Text |
| Témata: | |
| Tagy: |
Přidat tag
Žádné tagy, Buďte první, kdo vytvoří štítek k tomuto záznamu!
|
MARC
| LEADER | 00000 a a2200000 04500 | ||
|---|---|---|---|
| 001 | 7501 | ||
| 003 | |||
| 040 | |||
| 100 | |a Pizarro Aguilar, Laura | ||
| 245 | |a Nuevos medios de comunicación y subjetividad. El Papel del uso del chat en las relaciones interprersonales de un grupo de adolescentes / |c Laura Pizarro Aguilar ; Xinia Torres Vargas | ||
| 650 | |a INTERNET | ||
| 650 | |a SOCIALIZACION | ||
| 650 | |a ADOLESCENCIA | ||
| 650 | |a CAMBIO SOCIAL | ||
| 700 | |a Torres Vargas, Xinia | ||
| 773 | |g número 16; páginas 53-56 | ||
| 999 | |c 35796 |d 35796 | ||
